[Event "CRO-chT3B Center North"]
[Site "Croatia"]
[Date "2016.10.23"]
[Round "8.4"]
[White "Zadravec, Matija"]
[Black "Kovacic, Zlatko"]
[Result "0-1"]
[WhiteElo "2015"]
[BlackElo "2045"]
[PlyCount "76"]
[EventDate "2016.04.03"]
[EventType "team-tourn"]
[EventRounds "9"]
[EventCountry "CRO"]
[SourceTitle "EXT 2019"]
[Source "ChessBase"]
[SourceDate "2018.10.10"]
[SourceVersion "1"]
[SourceVersionDate "2018.10.10"]
[SourceQuality "1"]

1. e4 c5 2. Nf3 Nc6 3. c3 d5 4. exd5 Qxd5 5. d4 e6 6. Na3 a6 7. Nc4 Qd8 8. Be3 b5 9. Nce5 Nxe5 10. Nxe5 cxd4 11. Qf3 Nf6 12. Qxa8 dxe3 13. fxe3 Qc7 14. Qc6+ Qxc6 15. Nxc6 Bb7 16. Na5 Bd5 17. Nb3 Bd6 18. Nd4 Ng4 19. Be2 Nxe3 20. Kf2 Nxg2 21. Bf3 Nf4 22. Bxd5 Nxd5 23. Nf3 Bc5+ 24. Ke2 Ke7 25. Rhd1 Rc8 26. Kd3 f6 27. Rd2 e5 28. Re1 Nf4+ 29. Kc2 g5 30. Nd4 h5 31. Ne2 Ng2 32. Rh1 Ne3+ 33. Kb3 f5 34. h4 g4 35. Ng3 f4 36. Ne4 Ke6 37. a4 Kf5 38. Ng5 g3 0-1

[Event "CRO-chT3B Center North"]
[Site "Croatia"]
[Date "2016.10.16"]
[Round "7.2"]
[White "Vidovic, Mario"]
[Black "Kovacic, Zlatko"]
[Result "1-0"]
[WhiteElo "2223"]
[BlackElo "2045"]
[PlyCount "75"]
[EventDate "2016.04.03"]
[EventType "team-tourn"]
[EventRounds "9"]
[EventCountry "CRO"]
[SourceTitle "EXT 2019"]
[Source "ChessBase"]
[SourceDate "2018.10.10"]
[SourceVersion "1"]
[SourceVersionDate "2018.10.10"]
[SourceQuality "1"]

1. d4 Nf6 2. Nf3 b6 3. Bf4 Bb7 4. e3 e6 5. h3 d5 6. Nbd2 Bd6 7. Ne5 0-0 8. Bd3 c5 9. c3 Qc7 10. Bh2 Nbd7 11. f4 Ne4 12. Qc2 f5 13. Nxe4 fxe4 14. Be2 Nxe5 15. dxe5 Be7 16. 0-0 c4 17. Bg4 Bc8 18. Qd2 g6 19. Rae1 Qc6 20. Qf2 Bd7 21. Qg3 Rf7 22. h4 Rg7 23. Qh3 h5 24. Bd1 b5 25. Kh1 Kf7 26. g4 hxg4 27. Bxg4 Rh8 28. h5 Ke8 29. Rg1 Rgh7 30. Bd1 gxh5 31. Rg6 Qc5 32. f5 exf5 33. e6 Bc6 34. Qxf5 Rf8 35. Rg8 Rh8 36. Bxh5+ Kd8 37. Rxh8 Rxh8 38. Qe5 1-0

[Event "CRO-chT3B Center North"]
[Site "Croatia"]
[Date "2014.05.11"]
[Round "5.1"]
[White "Kovacic, Zlatko"]
[Black "Horvat, Zlatko"]
[Result "1/2-1/2"]
[WhiteElo "2088"]
[BlackElo "1883"]
[PlyCount "98"]
[EventDate "2014.04.06"]
[EventType "team-tourn"]
[EventRounds "9"]
[EventCountry "CRO"]
[SourceTitle "EXT 2019"]
[Source "ChessBase"]
[SourceDate "2018.10.10"]
[SourceVersion "1"]
[SourceVersionDate "2018.10.10"]
[SourceQuality "1"]

1. e4 c5 2. Nf3 Nc6 3. d4 cxd4 4. Nxd4 d6 5. c4 g6 6. Nc3 Bg7 7. Be3 Nf6 8. f3 0-0 9. Qd2 Nxd4 10. Bxd4 Nh5 11. Bxg7 Kxg7 12. g4 Nf6 13. h4 h5 14. gxh5 Nxh5 15. 0-0-0 Be6 16. f4 f6 17. Rg1 Kh7 18. Be2 Bf7 19. f5 gxf5 20. exf5 Rg8 21. Qe3 Qf8 22. Ne4 Ng7 23. Bd3 Nxf5 24. Nxf6+ exf6 25. Bxf5+ Bg6 26. Qf4 Qh6 27. Qxh6+ Kxh6 28. Bxg6 Rxg6 29. Rxg6+ Kxg6 30. Rxd6 Rh8 31. Rd4 Kf5 32. Kd2 Ke5 33. Ke3 f5 34. b3 Rh7 35. c5 Rg7 36. h5 Rg3+ 37. Kf2 Rh3 38. Rd7 Rxh5 39. Rxb7 Rh2+ 40. Kf3 Rxa2 41. b4 Rb2 42. c6 Kd6 43. b5 Rb4 44. Rd7+ Ke6 45. Rb7 Kd6 46. Ke3 Ke6 47. Kd3 f4 48. Kc3 Rb1 49. Kc2 Rb4 1/2-1/2

[Event "CRO-chT3B Center North"]
[Site "Croatia"]
[Date "2014.05.04"]
[Round "4.1"]
[White "Sermek, Antonio"]
[Black "Kovacic, Zlatko"]
[Result "1/2-1/2"]
[WhiteElo "2099"]
[BlackElo "2088"]
[PlyCount "65"]
[EventDate "2014.04.06"]
[EventType "team-tourn"]
[EventRounds "9"]
[EventCountry "CRO"]
[SourceTitle "EXT 2019"]
[Source "ChessBase"]
[SourceDate "2018.10.10"]
[SourceVersion "1"]
[SourceVersionDate "2018.10.10"]
[SourceQuality "1"]

1. Nf3 c5 2. c4 Nc6 3. g3 Nf6 4. Bg2 g6 5. 0-0 Bg7 6. Nc3 0-0 7. d4 cxd4 8. Nxd4 Qb6 9. Nb3 d6 10. Be3 Qd8 11. h3 Be6 12. Nd5 Rc8 13. Rc1 b6 14. Nf4 Bd7 15. Nd2 Ne5 16. b3 Bc6 17. Nf3 Nfd7 18. Nd5 Nc5 19. Re1 e6 20. Nb4 Nxf3+ 21. exf3 Bb7 22. Nd3 Rc7 23. Nxc5 dxc5 24. Qxd8 Rxd8 25. f4 Bxg2 26. Kxg2 Rcd7 27. Rc2 Kf8 28. Ree2 Rd3 29. Red2 h5 30. Rxd3 Rxd3 31. Rd2 Rxd2 32. Bxd2 Ke7 33. Kf3 1/2-1/2

[Event "CRO-chT3B Center North"]
[Site "Croatia"]
[Date "2013.10.13"]
[Round "7.1"]
[White "Nagrajsalovic, Miroslav"]
[Black "Kovacic, Zlatko"]
[Result "1-0"]
[WhiteElo "2223"]
[BlackElo "2104"]
[PlyCount "105"]
[EventDate "2013.04.14"]
[EventType "team-tourn"]
[EventRounds "9"]
[EventCountry "CRO"]
[SourceTitle "EXT 2019"]
[Source "ChessBase"]
[SourceDate "2018.10.10"]
[SourceVersion "1"]
[SourceVersionDate "2018.10.10"]
[SourceQuality "1"]

1. e4 c6 2. d4 d6 3. c4 Nf6 4. Nc3 Qc7 5. f4 e5 6. Nf3 Bg4 7. Be3 Nbd7 8. h3 Bxf3 9. gxf3 Be7 10. Rg1 Nh5 11. Qd2 Bh4+ 12. Bf2 Bxf2+ 13. Qxf2 exd4 14. Qxd4 Qb6 15. 0-0-0 Qxd4 16. Rxd4 Ke7 17. Kd2 Nxf4 18. Ke3 g5 19. h4 h6 20. Ne2 Ne6 21. Rd2 Ne5 22. Ng3 Ng7 23. h5 Rhf8 24. f4 Nd7 25. fxg5 hxg5 26. h6 Ne6 27. Bh3 Ne5 28. b3 Rad8 29. Nf5+ Kf6 30. Nxd6 Nf4 31. Bf5 Nd5+ 32. cxd5 Rxd6 33. Rgd1 c5 34. Rg2 Ke7 35. Rh1 f6 36. h7 Rh8 37. Rc2 b6 38. a4 Rdd8 39. a5 Nf7 40. axb6 axb6 41. Ra2 Ra8 42. Rha1 Rxa2 43. Rxa2 Rb8 44. Ra7+ Kf8 45. Rc7 Nh8 46. Kd3 Re8 47. Kc4 Re7 48. d6 Re8 49. Kb5 Rd8 50. d7 Nf7 51. Kxb6 Ke7 52. Kxc5 Rh8 53. d8Q+ 1-0

[Event "CRO-chT3B Center North"]
[Site "Croatia"]
[Date "2013.05.05"]
[Round "4.4"]
[White "Maltar, Alberto"]
[Black "Kovacic, Zlatko"]
[Result "1/2-1/2"]
[WhiteElo "2113"]
[BlackElo "2104"]
[PlyCount "70"]
[EventDate "2013.04.14"]
[EventType "team-tourn"]
[EventRounds "9"]
[EventCountry "CRO"]
[SourceTitle "EXT 2019"]
[Source "ChessBase"]
[SourceDate "2018.10.10"]
[SourceVersion "1"]
[SourceVersionDate "2018.10.10"]
[SourceQuality "1"]

1. c4 Nf6 2. Nf3 d6 3. d4 c6 4. Nc3 Bf5 5. h3 Qc7 6. g4 Bg6 7. Bg2 e5 8. 0-0 Be7 9. Bg5 Nbd7 10. Rc1 0-0 11. Bh4 Rfe8 12. Bg3 Bf8 13. e3 Rad8 14. b4 Ne4 15. Nxe4 Bxe4 16. Qb3 c5 17. bxc5 dxc5 18. dxe5 Qc6 19. Ne1 Bxg2 20. Nxg2 Nxe5 21. Bxe5 Rxe5 22. f4 Re7 23. Rcd1 Red7 24. Rxd7 Qxd7 25. Rb1 b6 26. Rc1 h5 27. gxh5 Qxh3 28. Rd1 Be7 29. Rxd8+ Bxd8 30. Qd1 Bf6 31. Qd5 Qg4 32. Kf2 Kh7 33. Qxf7 Qd1 34. Qg6+ Kh8 35. Qe8+ Kh7 1/2-1/2

[Event "CRO-chT3B Center North"]
[Site "Croatia"]
[Date "2013.04.21"]
[Round "2.3"]
[White "Kovacic, Zlatko"]
[Black "Matkun, Maksim"]
[Result "1-0"]
[WhiteElo "2104"]
[BlackElo "1952"]
[PlyCount "67"]
[EventDate "2013.04.14"]
[EventType "team-tourn"]
[EventRounds "9"]
[EventCountry "CRO"]
[SourceTitle "EXT 2019"]
[Source "ChessBase"]
[SourceDate "2018.10.10"]
[SourceVersion "1"]
[SourceVersionDate "2018.10.10"]
[SourceQuality "1"]

1. e4 c5 2. Nf3 Nc6 3. d4 cxd4 4. Nxd4 g6 5. c4 Bg7 6. Be3 Nf6 7. Nc3 0-0 8. Be2 d6 9. 0-0 Ne5 10. h3 Bd7 11. Qd2 Rc8 12. b3 Bc6 13. Nxc6 Nxc6 14. Rad1 Qa5 15. f4 Ng4 16. Bxg4 Bxc3 17. Qf2 Ra8 18. Rd5 Qc7 19. a3 e6 20. Rd3 Bg7 21. Rfd1 Rfd8 22. Bf3 Qe7 23. Qd2 Bf8 24. b4 Qc7 25. Bf2 f6 26. b5 Na5 27. c5 d5 28. b6 axb6 29. cxb6 Qd6 30. exd5 e5 31. fxe5 Qxe5 32. d6 Kg7 33. Rd5 Nc4 34. Qc2 1-0

[Event "CRO-chT3B Center North"]
[Site "Croatia"]
[Date "2012.05.05"]
[Round "3.22"]
[White "Resman, Boris"]
[Black "Kovacic, Zlatko"]
[Result "1/2-1/2"]
[WhiteElo "1812"]
[BlackElo "2058"]
[PlyCount "93"]
[EventDate "2012.04.14"]
[EventType "team-tourn"]
[EventRounds "9"]
[EventCountry "CRO"]
[SourceTitle "EXT 2013"]
[Source "ChessBase"]
[SourceDate "2012.11.22"]
[SourceVersion "1"]
[SourceVersionDate "2012.11.22"]
[SourceQuality "1"]

1. e4 c5 2. Nf3 d6 3. d4 cxd4 4. Nxd4 Nf6 5. Nc3 a6 6. Bg5 Nbd7 7. f3 h6 8. Be3 Nc5 9. Qd2 e6 10. 0-0-0 Bd7 11. Kb1 Be7 12. g4 Rc8 13. h4 Qa5 14. Be2 Na4 15. Nxa4 Qxd2 16. Rxd2 Bxa4 17. b3 Bd7 18. c4 g6 19. Bd3 e5 20. Ne2 Bc6 21. Nc3 Kf8 22. Nd5 Nxd5 23. cxd5 Bd7 24. Kb2 Kg7 25. Bb6 Rhf8 26. Be3 f6 27. h5 g5 28. a4 Kf7 29. Rc1 Rxc1 30. Kxc1 Rc8+ 31. Rc2 Rxc2+ 32. Kxc2 Bd8 33. Kc3 Ba5+ 34. Kc2 Ke7 35. Bd2 Bb6 36. a5 Bd4 37. Bc3 Be3 38. Bd2 Bc5 39. Be2 Kd8 40. Kc3 Kc7 41. b4 Bd4+ 42. Kb3 Bb5 43. Bxb5 axb5 44. Bc3 Be3 45. Be1 b6 46. axb6+ Kxb6 47. Bc3 1/2-1/2

[Event "CRO-chT3B Center North"]
[Site "Croatia"]
[Date "2011.10.29"]
[Round "9.32"]
[White "Bunjac, Branimir"]
[Black "Kovacic, Zlatko"]
[Result "1/2-1/2"]
[WhiteElo "1990"]
[BlackElo "2099"]
[PlyCount "201"]
[EventDate "2011.03.26"]
[EventType "team-tourn"]
[EventRounds "9"]
[EventCountry "CRO"]
[SourceTitle "EXT 2014"]
[Source "ChessBase"]
[SourceDate "2013.11.20"]
[SourceVersion "1"]
[SourceVersionDate "2013.11.20"]
[SourceQuality "1"]

1. e4 c5 2. Bc4 e6 3. d3 d5 4. exd5 exd5 5. Bb3 Nf6 6. Ne2 Nc6 7. 0-0 h6 8. Nbc3 d4 9. Ne4 Be7 10. N2g3 Nd5 11. Nh5 Kf8 12. f4 g6 13. Nhg3 f5 14. Bxd5 Qxd5 15. Nd2 Kg7 16. Nf3 Bf6 17. Bd2 Bd7 18. Re1 Rhe8 19. a3 b5 20. Rxe8 Rxe8 21. Qf1 a6 22. Re1 Rxe1 23. Qxe1 Qe6 24. Qxe6 Bxe6 25. Kf2 Bd5 26. b3 Kf7 27. Ne2 Be7 28. Bc1 Ke6 29. h3 Bf6 30. g4 Be7 31. Ng3 Bd8 32. g5 h5 33. Nh4 Ne7 34. Ne2 Bc7 35. b4 Bb6 36. bxc5 Bxc5 37. Bb2 Ba2 38. Nxd4+ Kd5 39. c3 Bxd4+ 40. cxd4 Bb3 41. Bc3 a5 42. Ke3 Ke6 43. Bxa5 Nd5+ 44. Kf3 Kf7 45. Ng2 Ke6 46. Ke2 Ba4 47. Bd2 Bb3 48. Ne1 Kf7 49. Nf3 Bc2 50. Ne5+ Kg7 51. Nc6 Kf7 52. h4 Bb3 53. Kf3 Bd1+ 54. Kf2 Bb3 55. Ke2 Bc2 56. Nb4 Nxb4 57. Bxb4 Ke6 58. Kd2 Bb3 59. Kc3 Bd5 60. Bf8 Kd7 61. Kb4 Kc6 62. a4 bxa4 63. Kxa4 Bf3 64. Kb4 Bd5 65. Bg7 Kb6 66. Be5 Kc6 67. Ka5 Be6 68. Ka6 Bd5 69. Ka7 Bf3 70. Kb8 Kd7 71. Ka7 Kc6 72. Kb8 Kd7 73. Ka7 Kc6 74. Ka6 Bd5 75. Ka5 Be6 76. Kb4 Bd5 77. Bb8 Bf3 78. Kc3 Bd5 79. Be5 Kb5 80. Bd6 Kc6 81. Be7 Kb5 82. Bc5 Ka4 83. Bb4 Kb5 84. Bd6 Kc6 85. Be5 Kb5 86. Kb2 Ka4 87. Bd6 Kb5 88. Ka3 Kc6 89. Be5 Kb5 90. Bh8 Be6 91. d5 Bxd5 92. Kb2 Kc5 93. Kc3 Bf3 94. Bg7 Kd5 95. Bf6 Bd1 96. Bd4 Bf3 97. Ba7 Bg2 98. Bb6 Bf3 99. Kd2 Kc6 100. Ke3 Bd1 101. Ba7 1/2-1/2

[Event "CRO-chT3B Center North"]
[Site "Croatia"]
[Date "2011.10.22"]
[Round "8.3"]
[White "Kovacic, Zlatko"]
[Black "Nagrajsalovic, Miroslav"]
[Result "0-1"]
[WhiteElo "2099"]
[BlackElo "2266"]
[PlyCount "78"]
[EventDate "2011.03.26"]
[EventType "team-tourn"]
[EventRounds "9"]
[EventCountry "CRO"]
[SourceTitle "EXT 2014"]
[Source "ChessBase"]
[SourceDate "2013.11.20"]
[SourceVersion "1"]
[SourceVersionDate "2013.11.20"]
[SourceQuality "1"]

1. e4 e5 2. Nf3 Nc6 3. Bc4 Nf6 4. d3 Be7 5. 0-0 0-0 6. Nc3 d6 7. a3 Bg4 8. Be3 Qd7 9. h3 Bh5 10. Kh2 Kh8 11. Rg1 Nd4 12. Bxd4 exd4 13. Ne2 c5 14. Nf4 Bg6 15. g4 b5 16. Bd5 Rae8 17. Rg2 Bd8 18. Ng1 Nxd5 19. Nxd5 f6 20. f3 Bf7 21. Nf4 d5 22. Nge2 a5 23. Ng3 a4 24. Nfe2 Bb6 25. Qd2 Rc8 26. h4 c4 27. Nf5 dxe4 28. dxe4 Rfd8 29. g5 Bg6 30. gxf6 Bxf5 31. fxg7+ Kg8 32. exf5 Qxf5 33. Qh6 Rd6 34. Qf4 Qxf4+ 35. Nxf4 d3 36. cxd3 cxd3 37. Rd1 Be3 38. Kg3 Rc2 39. Nxd3 Rg6+ 0-1

[Event "CRO-chT3B Center North"]
[Site "Croatia"]
[Date "2011.03.26"]
[Round "1.41"]
[White "Resman, Branko"]
[Black "Kovacic, Zlatko"]
[Result "1/2-1/2"]
[WhiteElo "2097"]
[BlackElo "2100"]
[PlyCount "30"]
[EventDate "2011.03.26"]
[EventType "team-tourn"]
[EventRounds "9"]
[EventCountry "CRO"]
[SourceTitle "EXT 2014"]
[Source "ChessBase"]
[SourceDate "2013.11.20"]
[SourceVersion "1"]
[SourceVersionDate "2013.11.20"]
[SourceQuality "1"]

1. e4 c5 2. Nf3 d6 3. Nc3 a6 4. a4 Nc6 5. Bc4 Nf6 6. d3 e6 7. 0-0 Be7 8. Nd2 d5 9. Ba2 Nb4 10. Bb3 Qc7 11. Qe2 d4 12. Nd1 e5 13. Nc4 Bg4 14. f3 Be6 15. f4 Nc6 1/2-1/2

[Event "CRO-chT3B Center North"]
[Site "Cakovec"]
[Date "2010.10.02"]
[Round "6.11"]
[White "Purgar, Ivona"]
[Black "Kovacic, Zlatko"]
[Result "1/2-1/2"]
[WhiteElo "2135"]
[BlackElo "2136"]
[PlyCount "64"]
[EventDate "2010.03.27"]
[EventType "team-tourn"]
[EventRounds "9"]
[EventCountry "CRO"]
[SourceTitle "EXT 2012"]
[Source "ChessBase"]
[SourceDate "2011.11.24"]
[SourceVersion "1"]
[SourceVersionDate "2011.11.24"]
[SourceQuality "1"]

1. e4 c5 2. Nf3 d6 3. d4 cxd4 4. Nxd4 Nf6 5. Nc3 a6 6. Be3 e6 7. f3 Be7 8. Qd2 Nc6 9. g4 Qc7 10. 0-0-0 b5 11. h4 Bb7 12. h5 0-0-0 13. g5 Nd7 14. Bh3 Nxd4 15. Bxd4 Ne5 16. Qf2 Bxg5+ 17. f4 Bh6 18. Bb6 Qc6 19. Bxd8 Rxd8 20. Kb1 Nc4 21. Rhe1 Kb8 22. e5 d5 23. Ne4 Rc8 24. Ng5 Nxb2 25. Kxb2 Qc3+ 26. Kb1 Qb4+ 27. Kc1 Qa3+ 28. Kb1 Qb4+ 29. Kc1 Qa3+ 30. Kb1 Qb4+ 31. Kc1 Qa3+ 32. Kb1 Qb4+ 1/2-1/2